[Event "4NCL 2006-07"]
[Site "Coventry ENG"]
[Date "2005.11.12"]
[Round "4"]
[White "Buckley,G"]
[Black "Houska,Jo"]
[Result "1-0"]
[WhiteElo "2379"]
[BlackElo "2364"]

1.d4 d5 2.c4 c6 3.Nf3 Nf6 4.Nc3 e6 5.e3 Nbd7 6.Qc2 Bd6 7.Be2 O-O 8.O-O dxc4
9.Bxc4 b5 10.Be2 Bb7 11.Rd1 Qe7 12.e4 e5 13.dxe5 Nxe5 14.Nd4 Bc5 15.Nf5 Qc7
16.Bf4 Rfe8 17.b4 Bb6 18.Rd6 a5 19.Qb3 axb4 20.Rxf6 bxc3 21.Qxc3 Bxf2+ 22.Kxf2 Nd3+
23.Bxd3 Qxf4+ 24.Kg1 b4 25.Qxb4 Qe5 26.Rf1 Qxf6 27.Qxb7 Rad8 28.e5 Qg5 29.Bc4 Kh8
30.Qxf7 Rxe5 31.Nd6 Qe3+ 32.Kh1 h6 33.Qg6 Rc5 34.Nf7+ Kg8 35.Ng5+  1-0

[Event "Bundesliga 2005-6"]
[Site "Leipzig GER"]
[Date "2005.11.12"]
[Round "3"]
[White "Maksimenko,A"]
[Black "Fridman,D2"]
[Result "1/2-1/2"]
[WhiteElo "2501"]
[BlackElo "2564"]

1.d4 d5 2.c4 c6 3.Nc3 Nf6 4.Nf3 e6 5.e3 a6 6.b3 Bb4 7.Bd2 O-O 8.Bd3 Nbd7
9.O-O Bd6 10.Qc2 h6 11.Rad1 e5 12.cxd5 cxd5 13.e4 dxe4 14.Nxe4 Nxe4 15.Bxe4 exd4
16.Nxd4 Nf6 17.Nf5 Nxe4 18.Qxe4 Re8 19.Qf3 Bxf5 20.Qxf5  1/2-1/2

[Event "1st GM"]
[Site "Scanno ITA"]
[Date "2005.11.12"]
[Round "8"]
[White "Abergel,T"]
[Black "Starostits,I"]
[Result "1/2-1/2"]
[WhiteElo "2436"]
[BlackElo "2480"]

1.c4 e6 2.Nf3 d5 3.d4 Nf6 4.e3 c6 5.Nc3 a6 6.Bd3 b5 7.c5 Nbd7 8.O-O Qc7 9.a4 b4
10.Ne2 a5 11.Nf4 Ba6 12.Bxa6 Rxa6 13.Nd3 Be7 14.Nfe5 O-O 15.Qe2 Nxe5 16.Nxe5 Raa8
17.Nd3 Nd7 18.f4 Nf6 19.Nf2 Ne4 20.Nxe4 dxe4 21.Qc2 f5 22.Qc4 Qd7 23.Bd2 Qd5
24.b3 Qxc4 25.bxc4 g5 26.g3 g4 27.h4 Rab8 28.Kf2 h5 29.Ke2 Kf7 30.Kd1 Rfd8
31.Kc2 Bf6 32.Kb3 Ke7  1/2-1/2

[Event "1st GM"]
[Site "Scanno ITA"]
[Date "2005.11.12"]
[Round "9"]
[White "Varga,Zo"]
[Black "Farago,I"]
[Result "1/2-1/2"]
[WhiteElo "2525"]
[BlackElo "2512"]

1.d4 d5 2.c4 e6 3.Nf3 Nf6 4.Nc3 c6 5.e3 Nbd7 6.Bd3 dxc4 7.Bxc4 b5 8.Be2 a6
9.O-O c5 10.dxc5 Bxc5 11.a3 Bb7 12.b4 Bb6 13.Bb2 O-O 14.a4 bxa4 15.Nxa4 Ba7
16.Bd4 Qe7 17.Bxa7 Rxa7 18.Qd4 Raa8 19.Rfc1 Rfc8 20.Rxc8+ Rxc8 21.Qa7 Rf8
22.Bxa6 Bxa6 23.Qxa6 Qxb4 24.h3 h6 25.Qc6  1/2-1/2

[Event "WJun Girls"]
[Site "Instanbul TUR"]
[Date "2005.11.14"]
[Round "6"]
[White "Gilbert,Je"]
[Black "Dudas,E"]
[Result "1/2-1/2"]
[WhiteElo "2148"]
[BlackElo "2010"]

1.d4 d5 2.c4 e6 3.Nc3 c6 4.e3 Nf6 5.Nf3 Nbd7 6.Bd3 dxc4 7.Bxc4 b5 8.Bd3 Bb7
9.O-O a6 10.Qe2 c5 11.Rd1 b4 12.Nb1 cxd4 13.Nxd4 Bd6 14.a3 a5 15.Nb5 Bc5
16.Nd2 O-O 17.Nc4 Ba6 18.Nd4 bxa3 19.bxa3 Qc7 20.Bd2 Bxc4 21.Bxc4 Ne5 22.Bb5 Ne4
23.Be1 Nd6 24.Ba4 Rab8 25.Rdc1 Qa7 26.Nb3 Bb6 27.Bc3 Ng6 28.Qe1 Ne4 29.Bd4 Bxd4
30.Nxd4 Rb2 31.Rc2 Rxc2 32.Bxc2 Nf6 33.Bxg6 hxg6 34.Nc6 Qc5 35.Nxa5 Ra8 36.Nb3 Qc2
37.Nd4 Qb2 38.a4 e5 39.Nf3 e4 40.Nd4 Nd5 41.a5 Qb7 42.Qe2 Nc7 43.Qc2 Rb8
44.Rc1 Na6 45.h3 Kh7 46.Qc4 Kh6 47.Kh2 Kh7 48.Rc3 Ra8 49.Rb3 Qe7 50.g3 Nc5
51.Ra3 Nd3 52.Ra2 Nb4 53.Ra4 Nd3 54.Kg2 Qf6 55.Ra2 Rd8 56.Qc6 Qe5 57.Qb7 Rxd4
58.exd4 Qf5 59.Qb1 Qf3+ 60.Kg1 e3 61.fxe3 Qxg3+ 62.Rg2 Qxe3+ 63.Kh2 Nf4 64.Rb2  1/2-1/2

[Event "55th ch-GRE"]
[Site "Kalamata GRE"]
[Date "2005.11.17"]
[Round "2"]
[White "Banikas,H"]
[Black "Kapnisis,S"]
[Result "1-0"]
[WhiteElo "2566"]
[BlackElo "2427"]

1.d4 d5 2.c4 e6 3.Nf3 Nf6 4.Nc3 c6 5.e3 Nbd7 6.Qc2 Bd6 7.Bd3 O-O 8.O-O dxc4
9.Bxc4 b5 10.Be2 Bb7 11.Rd1 Qb8 12.e4 e5 13.Bg5 Re8 14.dxe5 Bxe5 15.Nxe5 Qxe5
16.Be3 b4 17.Na4 Qxe4 18.Qxe4 Rxe4 19.Bf3 Re6 20.Rac1 Nd5 21.Bg4 Re7 22.Bc5 Nxc5
23.Nxc5 Bc8 24.Bf3 Bf5 25.g4 Bg6 26.h4 h5 27.gxh5 Bf5 28.Bxd5 cxd5 29.Rxd5 Be6
30.Nxe6 Rxe6 31.Rc7 Rf6 32.Kg2 Re8 33.Kg3 Kh7 34.Rd2 a5 35.Rc5 a4 36.Rb5 Re4
37.Ra5 Rff4 38.f3 Rc4 39.Rxa4 Rxh4 40.b3 Rcf4 41.Rd7 Kh6 42.Rxf7 Rxf7 43.Kxh4 Rb7
44.Ra6+ Kh7 45.Kg5 Rb5+ 46.Kg4 Rb8 47.f4 Rb7 48.f5 Rd7 49.Ra4 Rb7 50.Kg5 Rb6
51.Ra7 Kg8 52.Re7 Ra6 53.Rb7 Rxa2 54.Rxb4 Rg2+ 55.Rg4 Rb2 56.b4 Kf7 57.Rc4 Rg2+
58.Kf4 Rf2+ 59.Ke5 Re2+ 60.Kd6 Rb2 61.Kc6 Kf6 62.b5  1-0

[Event "TCh-AUT 2005-6"]
[Site "Austria AUT"]
[Date "2005.11.18"]
[Round "1"]
[White "Pinter,J"]
[Black "Buhmann,R"]
[Result "1/2-1/2"]
[WhiteElo "2526"]
[BlackElo "2546"]

1.d4 d5 2.c4 c6 3.Nc3 Nf6 4.e3 e6 5.Nf3 Nbd7 6.Bd3 Bd6 7.O-O O-O 8.e4 dxc4
9.Bxc4 b5 10.Be2 b4 11.e5 bxc3 12.bxc3 Be7 13.exf6 Bxf6 14.Be3 Qa5 15.Qc2 Ba6
16.Bxa6 Qxa6 17.Rad1 Rac8 18.Rfe1 Rfe8 19.h3 h6 20.Nd2 Be7 21.Ne4 Nf6 22.Nc5 Bxc5
23.dxc5 Rcd8 24.Bd4 Qc4 25.Qb3 Qxb3 26.axb3 e5 27.Be3 a5 28.Ra1 Rd3 29.Rxa5 Rxc3
30.b4 Rb3 31.Ra6 Re6 32.Bd2 Nd5 33.Ra8+ Kh7 34.Ra7 Kg6 35.Rb7 Rb2 36.Rd1 e4
37.b5 Rxb5 38.Rxb5 cxb5 39.Ba5 Ne7 40.Rb1 Nc6 41.Rxb5 Nxa5  1/2-1/2

[Event "TCh-AUT 2005-6"]
[Site "Austria AUT"]
[Date "2005.11.18"]
[Round "1"]
[White "Ribli,Z"]
[Black "Dobosz,H"]
[Result "1-0"]
[WhiteElo "2585"]
[BlackElo "2433"]

1.Nf3 d5 2.d4 c6 3.c4 Nf6 4.Nc3 e6 5.e3 Nbd7 6.Bd3 Bd6 7.O-O O-O 8.Qc2 e5
9.cxd5 cxd5 10.e4 dxe4 11.Nxe4 Nxe4 12.Bxe4 h6 13.Be3 Re8 14.Rad1 exd4 15.Bh7+ Kh8
16.Bxd4 Nf6 17.Bf5 Bxf5 18.Qxf5 Re6 19.g3 a6 20.Rfe1 Rxe1+ 21.Rxe1 Be7 22.Qe5 Bf8
23.Qf4 Rc8 24.Bxf6 Qxf6 25.Qxf6 gxf6 26.Re2 f5 27.Ne5 Rc7 28.b3 Kg7 29.Rd2 Kf6
30.Nd7+ Ke7 31.Nxf8 Kxf8 32.Rd6 Rc2 33.a4 b5 34.axb5 axb5 35.Rd5 Rb2 36.Rxb5 Ke7
37.Kg2 Ke6 38.Kf3 h5 39.h3 Kf6 40.Ke3 Kg6 41.f3 h4 42.gxh4 Rh2 43.h5+ Kg5
44.f4+ Kxh5 45.Rxf5+ Kh6 46.b4 Rxh3+ 47.Kd4 Kg6 48.Rd5 Rh4 49.Ke4 Rh1 50.f5+ Kg5
51.Ke5 Rh6 52.b5 Rb6 53.Kd4 Kf4 54.Kc5 Rb8 55.f6 Ke4 56.Rd7 Rf8 57.Kd6 Rb8
58.Kc6  1-0

[Event "TCh-AUT 2005-6"]
[Site "Austria AUT"]
[Date "2005.11.19"]
[Round "2"]
[White "Hertneck,G"]
[Black "Pinter,J"]
[Result "1/2-1/2"]
[WhiteElo "2539"]
[BlackElo "2526"]

1.c4 e6 2.Nc3 d5 3.d4 c6 4.e3 Nf6 5.Nf3 Nbd7 6.Bd3 dxc4 7.Bxc4 b5 8.Bd3 Bb7
9.e4 b4 10.Na4 c5 11.e5 Nd5 12.dxc5 Nxc5 13.Bb5+ Nd7 14.Bg5 Qa5 15.Qd3 a6
16.Bxd7+ Kxd7 17.b3 h6 18.Be3 Ke8 19.O-O Be7 20.Rac1 Rd8 21.Qe4 Ba8 22.Qg4 Nxe3
23.Qxg7 Nxf1 24.Qxh8+ Bf8 25.Rxf1 Bxf3 26.gxf3 Qd5 27.Kg2 Qd2 28.h4 Qc2 29.Qf6 Rd4
30.Nb6 Be7 31.Qxh6 Rxh4 32.Rc1 Qxf2+ 33.Kxf2 Rxh6 34.Rc8+ Bd8 35.Kg2 Rg6+
36.Kf1 Rg5 37.Nc4 Kd7 38.Ra8 Bc7 39.Rxa6 Bxe5 40.Ra7+ Kc6 41.Rxf7 Bc3 42.Re7 e5
43.Re8 Rh5 44.Ra8 Rh4 45.Ra6+ Kd5 46.Ra5+ Ke6 47.Ke2 Rh2+ 48.Kd3 Rf2 49.Ke3 Bd4+
50.Ke4 Re2+ 51.Kd3 Rf2 52.Nd2 Bc3 53.Ne4 Rxf3+ 54.Ke2 Rf4 55.Nxc3 bxc3 56.Rc5 Rh4
57.a4 Rh3 58.a5 c2 59.Rxc2 Rxb3 60.Ra2 Kd5  1/2-1/2

[Event "TCh-AUT 2005-6"]
[Site "Austria AUT"]
[Date "2005.11.19"]
[Round "2"]
[White "Knoll,H"]
[Black "Wallis,A"]
[Result "1-0"]
[WhiteElo "2359"]
[BlackElo "2165"]

1.d4 d5 2.Nf3 Nf6 3.c4 c6 4.Nc3 e6 5.e3 Nbd7 6.Qc2 Bd6 7.Be2 O-O 8.O-O Re8
9.Rd1 Qe7 10.h3 h6 11.a3 dxc4 12.Bxc4 e5 13.Nh4 Nf8 14.Nf5 Bxf5 15.Qxf5 e4
16.h4 g6 17.Qh3 N8d7 18.Rf1 Nb6 19.Bb3 Nbd5 20.f3 Nxc3 21.bxc3 Rf8 22.Ra2 exf3
23.gxf3 Nh5 24.Rg2 Kh7 25.a4 c5 26.f4 f5 27.Kh1 cxd4 28.exd4 Qc7 29.Qf3 Rae8
30.Rxg6 Kxg6 31.Rg1+ Kf6 32.Qxh5 Qh7 33.Qf3 Qc7 34.h5 Qc6 35.Bd5 Qb6 36.Be3 Ke7
37.c4 Qb2 38.c5 Bc7 39.Bxb7 Rg8 40.d5 Rxg1+ 41.Bxg1 Kf8 42.d6 Bd8 43.Bd5 Qg7
44.Qh3 Bf6 45.Qxf5 Re1 46.Qc8+ Re8 47.d7 Rd8 48.Be6 Qg3 49.Qc6 Qh4+ 50.Kg2 Qxf4
51.Qf3 Qd2+ 52.Kh3 Ke7 53.Qf5 Qe1 54.Bd5 Rxd7 55.Bf2 Qc3+ 56.Bg3 Rxd5 57.Qxd5 Qc1
58.Bd6+  1-0

[Event "WJun Girls"]
[Site "Instanbul TUR"]
[Date "2005.11.22"]
[Round "13"]
[White "Vasilevich,I"]
[Black "Mamedjarova,T"]
[Result "0-1"]
[WhiteElo "2389"]
[BlackElo "2223"]

1.d4 d5 2.c4 e6 3.Nf3 Nf6 4.Nc3 c6 5.e3 Bd6 6.Qc2 O-O 7.Bd3 h6 8.O-O Nbd7
9.b3 b6 10.Bb2 Bb7 11.Rfd1 Rc8 12.Qe2 Qe7 13.cxd5 exd5 14.a3 Ne4 15.Bxe4 dxe4
16.Nd2 f5 17.a4 Nf6 18.h3 g5 19.Nc4 Ba6 20.Qc2 Bxc4 21.bxc4 g4 22.c5 Bb8
23.cxb6 Qg7 24.hxg4 Nxg4 25.Ne2 Qg5 26.d5 Qh4 27.Nd4 Bg3 28.fxg3 Qh2+ 29.Kf1 Nxe3+
30.Kf2 Ng4+  0-1

[Event "55th ch-GRE"]
[Site "Kalamata GRE"]
[Date "2005.11.22"]
[Round "7"]
[White "Nikolaidis,I"]
[Black "Kapnisis,S"]
[Result "1/2-1/2"]
[WhiteElo "2521"]
[BlackElo "2427"]

1.d4 d5 2.c4 e6 3.Nc3 c6 4.e3 Nf6 5.Nf3 Nbd7 6.Qc2 Bd6 7.e4 dxe4 8.Nxe4 Nxe4
9.Qxe4 Bb4+ 10.Bd2 Bxd2+ 11.Nxd2 O-O 12.O-O-O Qa5 13.Bd3 Nf6 14.Qh4 Qh5 15.Qf4 c5
16.dxc5 Qxc5 17.Rhe1 Bd7 18.Nb3 Qb4 19.Qd2  1/2-1/2

[Event "18th Belgrade Trophy"]
[Site "Obrenovac SCG"]
[Date "2005.11.22"]
[Round "1"]
[White "Pavlovic,Milo2"]
[Black "Nikolic,Br"]
[Result "1-0"]
[WhiteElo "2438"]
[BlackElo "2131"]

1.d4 d5 2.c4 c6 3.Nf3 Nf6 4.Nc3 e6 5.e3 Nbd7 6.Bd3 Bd6 7.O-O O-O 8.e4 dxe4
9.Nxe4 Nxe4 10.Bxe4 c5 11.Bg5 Qc7 12.dxc5 Nxc5 13.Bc2 f5 14.Qe1 a5 15.Rd1 Ra6
16.Be3 Rf6 17.Bd4 Rh6 18.Be5 Ne4 19.Bxd6 Rxd6 20.Rxd6 Nxd6 21.Qe5 Rf6 22.c5 Ne8
23.Ba4 Qxe5 24.Nxe5 Nc7 25.Nc4 Na6 26.Bb5 Nxc5 27.Nb6 Rf8 28.Rc1  1-0

[Event "18th Belgrade Trophy"]
[Site "Obrenovac SCG"]
[Date "2005.11.22"]
[Round "1"]
[White "Tadic,B"]
[Black "Jakovljevic,Zi"]
[Result "1-0"]
[WhiteElo "2510"]
[BlackElo "2168"]

1.Nf3 d5 2.d4 Nf6 3.c4 c6 4.Nc3 e6 5.e3 Nbd7 6.Qc2 dxc4 7.Bxc4 b5 8.Bd3 Bb7
9.O-O a6 10.a4 Be7 11.Rd1 h6 12.Ne4 Nxe4 13.Bxe4 Qb6 14.Bd2 O-O 15.a5 Qc7
16.b4 Nf6 17.Bd3 Rac8 18.e4 Rfd8 19.Rab1 Qd7 20.Bc3 Qe8 21.Qe2 Nd7 22.e5 Nf8
23.Bc2 Rc7 24.Rd3 Rcd7 25.Re3 Ng6 26.g3 Nf8 27.h4 f5 28.exf6 Bxf6 29.Bb3 Rd6
30.Re1 Qf7 31.Ne5 Bxe5 32.Rxe5 Re8 33.f4 Qg6 34.Kh2 Kh8 35.f5 Qf6 36.fxe6 Ng6
37.Rf1 Qd8 38.Rg5 Nxh4 39.gxh4 Rxd4 40.Bxd4 Qxd4 41.Rg4 Qd6+ 42.Rg3 Qxb4
43.Qg4 Qd2+ 44.Rg2 Qc3 45.e7 Qe5+ 46.Qg3 Qxg3+ 47.Rxg3 Rxe7 48.Rf8+ Kh7 49.Bg8+  1-0

[Event "65th ch-ITA"]
[Site "Cremona ITA"]
[Date "2005.11.23"]
[Round "1"]
[White "Arlandi,E"]
[Black "Godena,M"]
[Result "1/2-1/2"]
[WhiteElo "2439"]
[BlackElo "2502"]

1.d4 d5 2.c4 c6 3.Nc3 Nf6 4.e3 e6 5.Nf3 Nbd7 6.Qc2 b6 7.Bd3 Bb7 8.O-O Be7
9.b3 Qc7 10.Bb2 O-O 11.Rad1 h6 12.e4 dxe4 13.Nxe4 Nxe4 14.Bxe4 Rad8 15.Qe2 Nf6
16.Bb1 c5 17.dxc5 Bxc5 18.Bxf6 gxf6 19.Be4 Bc8 20.Bc2 Bb7 21.Be4 Bc8 22.Bc2 Bb7  1/2-1/2

[Event "18th Belgrade Trophy"]
[Site "Obrenovac SCG"]
[Date "2005.11.24"]
[Round "3"]
[White "Marcetic,N"]
[Black "Nikolic,Br"]
[Result "1-0"]
[WhiteElo "2396"]
[BlackElo "2131"]

1.d4 d5 2.c4 c6 3.Nc3 Nf6 4.e3 e6 5.Nf3 Nbd7 6.Qc2 Bd6 7.Bd3 O-O 8.O-O Qe7
9.c5 Bc7 10.e4 dxe4 11.Nxe4 h6 12.Re1 Nxe4 13.Bxe4 Nf6 14.Bd3 Rd8 15.a3 b6
16.Bd2 bxc5 17.dxc5 Qd7 18.Bc4 Qe7 19.b4 a5 20.Bc3 Nd5 21.Bxd5 Rxd5 22.Rad1 Qf8
23.Be5 Qd8 24.Rxd5 cxd5 25.Bxc7 Qxc7 26.b5 f6 27.b6 Qb7 28.Rb1 Bd7 29.Nd4  1-0

[Event "18th Belgrade Trophy"]
[Site "Obrenovac SCG"]
[Date "2005.11.24"]
[Round "3"]
[White "Roeder,M"]
[Black "Radivojevic,Milo"]
[Result "1/2-1/2"]
[WhiteElo "2415"]
[BlackElo "2234"]

1.d4 d5 2.c4 c6 3.e3 Nf6 4.Nc3 e6 5.Nf3 Nbd7 6.Qc2 Bd6 7.Be2 O-O 8.O-O dxc4
9.Bxc4 e5 10.a3 exd4 11.exd4 Nb6 12.Ba2 Qc7 13.Re1 Nbd5 14.Bg5 Bf4 15.Nxd5 Nxd5
16.Bxf4 Qxf4 17.Bxd5 cxd5 18.Qc1 Qf6 19.Qc7 b6 20.Qe5 Qd8 21.h3 Be6 22.Rac1 Rc8
23.Rxc8 Qxc8 24.Ng5 Re8 25.Qf4 h6 26.Rc1 Qd7 27.Nf3 Rc8 28.Ne5 Rxc1+ 29.Qxc1 Qd6
30.b4 f6 31.Nf3 Bd7 32.Qe3 Kf7 33.Qd3 Qc7 34.Nd2 Qc1+ 35.Nf1 Qc4 36.Qe3 Bb5
37.Nd2 Qc1+ 38.Kh2 Qc7+ 39.Kg1  1/2-1/2

[Event "TCh-NED 2005-6"]
[Site "Netherlands NED"]
[Date "2005.11.26"]
[Round "4"]
[White "Grooten,H"]
[Black "Smeets,J"]
[Result "0-1"]
[WhiteElo "2350"]
[BlackElo "2531"]

1.d4 d5 2.c4 c6 3.Nc3 e6 4.e3 Nf6 5.Nf3 Nbd7 6.Bd3 dxc4 7.Bxc4 b5 8.Bb3 b4
9.Ne2 c5 10.O-O Bd6 11.Ng3 Bb7 12.e4 Bxg3 13.e5 Bxf2+ 14.Rxf2 Ne4 15.Rf1 cxd4
16.Nxd4 O-O 17.Qh5 Ndc5 18.Be3 Nxb3 19.axb3 Qd5 20.Rfd1 Rfd8 21.Nf5 Qxb3
22.Nh6+ gxh6 23.Bxh6 Kh8 24.Re1 Rg8 25.Rxe4 Bxe4 26.Bg5 Rg6 27.Qh4 Qxb2  0-1

[Event "TCh-NED 2005-6"]
[Site "Netherlands NED"]
[Date "2005.11.26"]
[Round "4"]
[White "Richter,Ch"]
[Black "Blokhuis,J"]
[Result "1-0"]
[WhiteElo "2435"]
[BlackElo "2352"]

1.d4 d5 2.c4 c6 3.Nf3 Nf6 4.e3 e6 5.Nc3 Nbd7 6.b3 Bd6 7.Be2 O-O 8.O-O Ne4
9.Nxe4 dxe4 10.Nd2 f5 11.c5 Bc7 12.Nc4 b5 13.cxb6 axb6 14.Ba3 Rf6 15.Bd6 Ba6
16.Bxc7 Qxc7 17.Qd2 Bxc4 18.Bxc4 b5 19.Be2 Rff8 20.Qb4 Nf6 21.Rfc1 Nd5 22.Qc5 Ra5
23.Qxc6 Qxc6 24.Rxc6 Rfa8 25.g3 Kf7 26.Kf1 Ke7 27.Rc2 g5 28.Ke1 Kd6 29.Rac1 Nb4
30.Rc7 R5a7 31.Rxa7 Rxa7 32.Bxb5 Rxa2 33.Rc3 Ra1+ 34.Ke2 Rb1 35.h3 h5 36.h4 gxh4
37.gxh4 Rh1 38.Rc4 Nd5 39.Rc6+ Ke7 40.Bc4 Nc3+ 41.Kd2 Nb1+ 42.Kc2 Na3+ 43.Kd2 Nb1+
44.Kc2 Na3+ 45.Kc3 Kd7 46.Ra6 Nxc4 47.bxc4 Rxh4 48.d5 exd5 49.cxd5 Rh2 50.Ra2 Rh1
51.Kd4 Rc1 52.Ke5 h4 53.Ra7+ Rc7 54.Ra6 Rc2 55.Ra7+ Rc7 56.Ra6 Rc2 57.Kxf5 Rxf2+
58.Kxe4 h3 59.Rh6 h2 60.Ke5 Ke7 61.e4 Rg2 62.Rh7+ Ke8 63.Kf6 Rf2+ 64.Ke6 Kf8
65.d6 Kg8 66.Rh3 Kg7 67.e5  1-0

[Event "TCh-HUN 2005-6"]
[Site "Hungary HUN"]
[Date "2005.11.27"]
[Round "4"]
[White "Varga,P1"]
[Black "Pinter,J"]
[Result "0-1"]
[WhiteElo "2415"]
[BlackElo "2526"]

1.d4 d5 2.c4 e6 3.Nc3 c6 4.e3 Nf6 5.Nf3 Nbd7 6.Qc2 Bd6 7.Bd3 O-O 8.O-O dxc4
9.Bxc4 b5 10.Be2 Bb7 11.Bd2 a6 12.Ne4 Nxe4 13.Qxe4 Qe7 14.Qh4 f6 15.a4 Rfe8
16.Rfd1 Nf8 17.Be1 Rac8 18.Qh5 Nd7 19.Nd2 f5 20.Nf3 Nb6 21.Ba5 Nd5 22.Bd2 Rf8
23.Qh4 Qd7 24.Ne5 Qc7 25.Nd3 Rf6 26.f4 Qe7 27.Rdc1 Nb6 28.axb5 cxb5 29.Rxc8+ Nxc8
30.Qf2 Nb6 31.Bf3 Nd5 32.Bxd5 Bxd5 33.Rxa6 Bxg2 34.Rxd6 Qxd6 35.Kxg2 Rg6+
36.Kf1 Qd5 37.Ne1 Qh1+ 38.Ke2 h6 39.Bc3 Qd5 40.Kf1 b4 41.Bd2 Qb3 42.Ke2 Qxb2
43.Nd3 Qc2 44.Ne5 b3 45.Nxg6 Qc4+ 46.Kf3 b2 47.Qg1 Qc6+ 48.Kf2 Qc2 49.Ne7+ Kf8
50.Ng6+ Ke8 51.Qh1 Qxd2+ 52.Kg3 Qxe3+ 53.Kh4 Qe4 54.Qd1 b1=Q 55.Qa4+ Kd8
56.Qa5+ Kc8 57.Qc5+ Kb7 58.Qe7+ Ka6 59.Qa3+ Kb5 60.Qc5+ Ka4 61.Qa7+ Kb3 62.Qb6+ Kc2
63.Qc5+ Kd1 64.d5 Qe1+ 65.Kh3 Qd3+  0-1

[Event "TCh-HUN 2005-6"]
[Site "Hungary HUN"]
[Date "2005.11.27"]
[Round "4"]
[White "Zakarias,D"]
[Black "Videki,S"]
[Result "0-1"]
[WhiteElo "2271"]
[BlackElo "2406"]

1.d4 d5 2.Nf3 Nf6 3.c4 c6 4.Nc3 e6 5.e3 Nbd7 6.Qc2 Bd6 7.Be2 O-O 8.O-O dxc4
9.Bxc4 a6 10.Rd1 Qc7 11.a4 c5 12.Ne4 Nxe4 13.Qxe4 Nf6 14.Qh4 cxd4 15.Bd3 Qc5
16.Ng5 h6 17.exd4 Qa5 18.Ne4 Nxe4 19.Qxe4 f5 20.Qe2 Bd7 21.f4 Rfe8 22.Bc4 Rac8
23.Be3 Qc7 24.Rac1 Bxf4 25.Bxa6 Bxh2+ 26.Kh1 Qd6 27.Bxb7 Rxc1 28.Rxc1 Bg3
29.a5 Qe7 30.a6 Qh4+ 31.Kg1 f4 32.Bf2 Qh2+ 33.Kf1 Qh1+ 34.Bg1 Bh2 35.Kf2 Bg3+
36.Kf1 Bh2 37.Kf2 Bxg1+ 38.Rxg1 Qh4+ 39.Kf1 Qg5 40.Qe5 Bb5+ 41.Ke1 Qg3+ 42.Kd2 Qd3+
43.Kc1 Ba4 44.b3 Qc3+ 45.Kd1 Bxb3+ 46.Ke2 Bc4+ 47.Kf2 Qg3+  0-1

[Event "WCC"]
[Site "Khanty Mansyisk RUS"]
[Date "2005.11.27"]
[Round "1.1"]
[White "Markus,R"]
[Black "Gurevich,M"]
[Result "1/2-1/2"]
[WhiteElo "2579"]
[BlackElo "2652"]

1.d4 d5 2.c4 c6 3.Nc3 Nf6 4.e3 e6 5.Nf3 a6 6.c5 Nbd7 7.b4 g6 8.Bd3 Bg7 9.O-O O-O
10.Na4 Re8 11.h3 e5 12.dxe5 Nxe5 13.Nxe5 Rxe5 14.Bb2 Re8 15.Qf3 Nd7 16.Bxg7 Kxg7
17.Qf4 Qf6 18.Qxf6+ Kxf6 19.Rfd1 Rb8 20.a3 Nf8 21.Nc3 Bf5 22.Bxf5 Kxf5 23.g4+ Kf6
24.Kg2 h5 25.Kg3 Re5 26.Rd3 Rbe8 27.Re1 hxg4 28.hxg4 g5 29.Rh1 Kg6 30.Ne2 f5
31.gxf5+ Rxf5 32.Nd4 Rf7 33.Rh8 Kg7 34.Rh5 Kg6 35.Rh8 Rfe7 36.Rd1 Nh7 37.Rxe8 Rxe8
38.Re1 Nf6 39.f3 Re7 40.Nb3 g4 41.fxg4 Kg5 42.Nd2 Nxg4 43.Nf3+ Kf5 44.Nd4+ Kg5
45.Nf3+ Kf5 46.Nd4+  1/2-1/2

[Event "WCC"]
[Site "Khanty Mansyisk RUS"]
[Date "2005.11.27"]
[Round "1.1"]
[White "Gelfand,B"]
[Black "Kobese,W"]
[Result "1-0"]
[WhiteElo "2717"]
[BlackElo "2400"]

1.d4 d5 2.c4 c6 3.Nc3 Nf6 4.e3 e6 5.Nf3 Nbd7 6.Qc2 Bd6 7.b3 O-O 8.Be2 dxc4
9.bxc4 e5 10.O-O Re8 11.Rd1 exd4 12.exd4 Nf8 13.h3 Ng6 14.Rb1 Nf4 15.Bf1 g6
16.Rb3 a6 17.Ne5 Ne6 18.c5 Bc7 19.Be3 Qe7 20.Nc4 Qf8 21.d5 cxd5 22.Nxd5 Nxd5
23.Rxd5 Nf4 24.Rd1 Bf5 25.Qc1 Ne6 26.Nd6 Bxd6 27.cxd6 Rec8 28.Rc3 Rxc3 29.Qxc3 Rc8
30.Qe5 Qg7 31.d7 Rd8 32.Qa5 Qf6 33.Bb6  1-0

[Event "18th Belgrade Trophy"]
[Site "Obrenovac SCG"]
[Date "2005.11.27"]
[Round "6"]
[White "Brakus,D"]
[Black "Jakovljevic,Zi"]
[Result "1-0"]
[WhiteElo "2051"]
[BlackElo "2168"]

1.d4 d5 2.Nf3 Nf6 3.c4 c6 4.Nc3 e6 5.e3 Nbd7 6.Bd3 Bd6 7.O-O O-O 8.e4 dxc4
9.Bxc4 e5 10.h3 Qc7 11.Qe2 b5 12.Bd3 a6 13.a4 b4 14.Nd1 exd4 15.Nxd4 Ne5
16.Bb1 c5 17.Nc2 a5 18.f4 Ba6 19.Qe3 Nc4 20.Qf3 Be7 21.e5 Nd7 22.Re1 Ncb6
23.Nce3 Rfe8 24.Nf2 g6 25.g3 Bf8 26.h4 Bb7 27.Qg4 h5 28.Qh3 Nd5 29.Nxd5 Bxd5
30.g4 hxg4 31.Qxg4 Bg7 32.h5 Nf6 33.Qd1 Qe7 34.Be3 Bb7 35.exf6 Qxf6 36.hxg6 fxg6
37.Qg4 Qxb2 38.Qxg6 Qxa1 39.Qh7+ Kf8 40.Bxc5+ Re7 41.Bxe7+ Ke8 42.Bg6+ Kd7
43.Rxa1 Bxa1  1-0

[Event "18th Belgrade Trophy"]
[Site "Obrenovac SCG"]
[Date "2005.11.27"]
[Round "6"]
[White "Rajcevic,S"]
[Black "D'Innocente,S"]
[Result "0-1"]
[WhiteElo "2171"]
[BlackElo "2262"]

1.d4 d5 2.c4 c6 3.Nc3 Nf6 4.Nf3 e6 5.e3 Nbd7 6.Bd3 b6 7.O-O Bb7 8.Qe2 Be7
9.Rd1 O-O 10.e4 dxe4 11.Nxe4 Qc7 12.Bg5 Rfe8 13.Nxf6+ Bxf6 14.Qe4 g6 15.Bxf6 Nxf6
16.Qe5 Qe7 17.Re1 Rad8 18.a3 Nh5 19.b4 c5 20.d5 Qd7 21.Qg5 exd5 22.bxc5 bxc5
23.Ne5 Qd6 24.Ng4 f6 25.Rxe8+ Rxe8 26.Nh6+ Kf8 27.Qg4 Nf4 28.Bf1 d4 29.Qh4 Kg7
30.Rb1 Be4 31.Re1 d3 32.f3 d2  0-1

[Event "It"]
[Site "Tuzla BIH"]
[Date "2005.11.27"]
[Round "2"]
[White "Trumic,E"]
[Black "Elez,S"]
[Result "1/2-1/2"]
[WhiteElo "2337"]
[BlackElo "2241"]

1.d4 Nf6 2.Nf3 c6 3.c4 d5 4.Nc3 e6 5.e3 Nbd7 6.Qb3 Bd6 7.c5 Bc7 8.Qc2 e5
9.Be2 O-O 10.Bd2 b6 11.b4 e4 12.Ng1 Qe7 13.g4 Qe6 14.g5 Ne8 15.h4 f6 16.Nh3 a5
17.b5 Bb7 18.bxc6 Bxc6 19.Nb5 Bb8 20.Rc1 bxc5 21.dxc5 Bxb5 22.Bxb5 Ne5 23.Be2 Nf3+
24.Bxf3 exf3 25.Qd3 Be5 26.Rb1 Rd8 27.Bxa5 Rd7 28.gxf6 Nxf6 29.Ng5 Qg4 30.c6 Ra7
31.Bb4 Rxa2 32.Bxf8 Qg2 33.Qf1 Re2+ 34.Kd1 Qg4 35.Rb4 Qf5 36.e4 Nxe4 37.Nxe4 dxe4
38.Qh3 Qf7 39.Bc5 Qd5+ 40.Bd4 Qxc6 41.Bc3 Qd5+ 42.Bd4 Bxd4 43.Qc8+ Kf7 44.Rb7+ Kf6
45.Qf8+ Kg6 46.Rg1+ Kh6 47.Qf4+ g5 48.Qxg5+ Qxg5 49.hxg5+ Kg6 50.Re1 Bxf2
51.Rxe2 fxe2+ 52.Kxe2 e3 53.Rb5 Bh4  1/2-1/2

[Event "WCC"]
[Site "Khanty Mansyisk RUS"]
[Date "2005.11.29"]
[Round "1.4"]
[White "Markus,R"]
[Black "Gurevich,M"]
[Result "1/2-1/2"]
[WhiteElo "2579"]
[BlackElo "2652"]

1.d4 d5 2.c4 c6 3.Nc3 Nf6 4.e3 e6 5.Nf3 a6 6.Bd2 c5 7.cxd5 exd5 8.Bd3 Nc6
9.Ne5 cxd4 10.Nxc6 bxc6 11.exd4 Bd6 12.O-O O-O 13.Bg5 Re8 14.Rc1 h6 15.Bh4 Bf4
16.Rc2 Qd6 17.Bg3 Bg4 18.Qc1 Nh5 19.Qb1 Nxg3 20.hxg3 Bg5 21.Ne2 Re7 22.Nc1 a5
23.Rc3 Bf6 24.Bf5 Bxf5 25.Qxf5 Bxd4 26.Rc2 Rae8 27.Qd3 Bb6 28.Ne2 Re4 29.Nf4 a4
30.Qa6 Bd4 31.Rxc6 Qb4 32.Nd3 Qd2 33.Rc8 Bxb2 34.Rxe8+ Rxe8 35.Qxa4 Rc8 36.Rd1 Qc2
37.Qg4 Rd8 38.Qf3 Bc3 39.Nf4 d4 40.a3 Re8 41.Kh2 Qa4 42.Nd5 Qxa3 43.Rxd4 Bb2
44.Rd3 Qd6 45.Rb3 Be5 46.Rb7 Qe6 47.Rb6 Qd7 48.Ne3 g6 49.Nc4 Bg7 50.Nd6 Rf8
51.Qd5 Qe7 52.Rb7 Qe5 53.Qxe5 Bxe5 54.Nc4 Bd4 55.f4 Rd8 56.g4 Kg7 57.Kg3 Bf6
58.Kf3 Rd3+ 59.Ke2 Rd4 60.Ne3 Rxf4 61.g3 Re4 62.Kf3 Rd4 63.Ng2  1/2-1/2

[Event "65th ch-ITA"]
[Site "Cremona ITA"]
[Date "2005.11.30"]
[Round "8"]
[White "Arlandi,E"]
[Black "Borgo,G"]
[Result "0-1"]
[WhiteElo "2439"]
[BlackElo "2408"]

1.d4 d5 2.c4 e6 3.Nc3 c6 4.e3 Nf6 5.Nf3 Nbd7 6.Qc2 b6 7.Be2 Bb7 8.O-O dxc4
9.Bxc4 c5 10.Ne5 a6 11.a4 Qc7 12.Nxd7 Qxd7 13.dxc5 Bxc5 14.Qe2 O-O 15.Kh1 Rfd8
16.e4 Bd4 17.f3 Qc7 18.Nd1 b5 19.Bd3 Nd7 20.Be3 Nc5 21.Bc2 b4 22.Rc1 a5 23.Bd3 Qd6
24.Bb5 Nb3 25.Rc4 Ba6 26.Rc6 Qxc6 27.Qd3 Nc5 28.Qxd4 Bxb5 29.axb5 Qxb5  0-1

[Event "18th Belgrade Trophy"]
[Site "Obrenovac SCG"]
[Date "2005.11.30"]
[Round "9"]
[White "Rajcevic,S"]
[Black "Aleksic,Nev"]
[Result "1-0"]
[WhiteElo "2171"]
[BlackElo "2003"]

1.d4 Nf6 2.c4 e6 3.Nc3 d5 4.Nf3 c6 5.e3 Be7 6.Bd3 O-O 7.O-O Nbd7 8.Qe2 a6
9.e4 dxe4 10.Nxe4 Nxe4 11.Bxe4 Nf6 12.Bc2 b5 13.c5 a5 14.Ne5 Bb7 15.Rd1 Nd5
16.Qe4 g6 17.Bh6 Re8 18.Qg4 Bf6 19.a3 Qc7 20.f4 Ne3 21.Qe2 Nxd1 22.Rxd1 Rad8
23.Rd3 Bg7 24.Bxg7 Kxg7 25.Qf2 f6 26.Ng4 h5 27.Ne3 f5 28.Nf1 a4 29.Nd2 Qe7
30.Nf3 Rd5 31.Qe3 Red8 32.Ng5 Bc8 33.b3 Qf6 34.Nf3 Ba6 35.b4 Bb7 36.Bb1 Ba8
37.Ba2 Bb7 38.Bxd5 Rxd5 39.Ne5 Ba8 40.Qf2  1-0

[Event "It"]
[Site "Tuzla BIH"]
[Date "2005.11.30"]
[Round "7"]
[White "Trumic,E"]
[Black "Mrkonjic,N"]
[Result "0-1"]
[WhiteElo "2337"]
[BlackElo "2350"]

1.d4 Nf6 2.Nf3 d5 3.c4 c6 4.Nc3 e6 5.e3 Bd6 6.g4 dxc4 7.g5 Nd5 8.Bxc4 Nxc3
9.bxc3 b6 10.Rg1 Qe7 11.Ne5 Bxe5 12.dxe5 Bb7 13.a4 Qd7 14.Qe2 Qc7 15.f4 Nd7
16.Ba3 c5 17.O-O-O O-O-O 18.Rd6 Nb8 19.Rgd1 Rxd6 20.exd6 Qd7 21.a5 Bc6 22.axb6 axb6
23.e4 g6 24.Qe3 Bb5 25.Bxc5 Bxc4 26.Qd4 bxc5 27.Qxh8+ Kb7 28.Rd2 Bb3 29.c4 Bxc4
30.Qc3 Bb5 31.Qa5 Na6 32.Ra2 Qc6 33.Rd2 Qd7 34.Qc3 Kb6 35.Qe3 Nb4 36.Kd1 Qa7
37.Qc3 Qa8 38.d7 Bxd7 39.Rxd7 Qa4+  0-1